| 000 | 01213nam0a2200313 4500 | ||
|---|---|---|---|
| 001 | RU\NLR\BIBL_A\011670275 | ||
| 005 | 20180413120244.0 | ||
| 010 |
_a978-5-518-36958-0 _9500 |
||
| 021 |
_aRU _bКН-П-18-015381 _9КН-П-18-1109 |
||
| 035 | _a(NLR Aleph) 011670275 | ||
| 035 | _a(RuMoRGB)009560880 | ||
| 090 |
_a11232346 _c11232346 |
||
| 100 | _a20180404d2012 k y0rusy50 ca | ||
| 101 | 0 | _arus | |
| 102 | _aRU | ||
| 105 | _aha z 000zy | ||
| 200 | 1 |
_aМетод целостного анализа художественных текстов _e[монография] _fГ. Р. Консон |
|
| 210 |
_aМосква _cНобель-Пресс _d2012 |
||
| 215 |
_a419 с. _cноты, факс. _d24 |
||
| 320 | _aБиблиогр.: с. 382-418 (532 назв.) и в примеч. в конце глав | ||
| 606 | 1 |
_aМузыкальные произведения _xАнализ _2nlr_sh1 _2nlr_sh2 _3RU\NLR\AUTH\66752867 |
|
| 686 |
_aЩ310с6,0 _2rubbk |
||
| 686 | 1 | _aЩ310.585 | |
| 700 | 1 |
_aКонсон _bГ. Р. _gГригорий Рафаэльевич |
|
| 942 | _cBOOK | ||
| 980 | _aNBR | ||
| 980 | _aNB | ||